000 00489nam a2200181Ia 4500
005 20250326125829.0
008 250326s9999 xx 000 0 und d
037 _aTextbook
040 _aFMSL
_beng
_cFMSL
041 _aeng
_2eng
084 _aS:6 N6
_qFMSL
100 _aAtkinson J W
245 0 _aMotives in tan tasy action & society
_cAtkinson J W
260 _aNew Delhi
_bNew Delhi, A E W
_c1966
300 _a873p
942 _cTB
_hS:6 N6
999 _c1279774
_d1279774